| 000 | 02824nam a2200589 i 4500 | ||
|---|---|---|---|
| 001 | 000837398 | ||
| 003 | CO-CtgCURN | ||
| 005 | 20250429224141.0 | ||
| 007 | ta | ||
| 008 | 160413s2015 000 0 d | ||
| 020 | _a9789587631517 | ||
| 040 |
_aCO-CtgCURN _bspa _ccoctgcurn |
||
| 082 | 0 | 4 |
_a361.307 _bH557 |
| 100 | 1 | _aHernández Sánchez, José Luis. | |
| 245 | 1 | 0 |
_aTrayectos de Investigación en trabajo social : _bHacia una cultura de la Investigación / _cJosé Luis Hernández Sánchez. |
| 260 |
_aBogotá : _bCorporación Universitaria Minuto de Dios, _c2015. |
||
| 300 | _a267 p. | ||
| 336 | _2rdacontent | ||
| 337 |
_2rdamedia _asin mediacion _bn |
||
| 338 |
_2rdacarrier _avolumen _bnc |
||
| 520 | 8 | _aEl libro pretende lograr una cultura de la Investigación a partir de la interrelacion entre la Investigación formativa y la aplicada y el papel activo de los agentes educativos en el marco de la formacion de trabajadores sociales, a la luz de temas como el pensamiento social critico, la cultura de la Investigación, el sujeto contemporaneo, la formacion y la praxis en Trabajo social, la comunidad y ciudadana, la cultura. | |
| 650 | 1 | 4 |
_aTrabajo social _zColombia. |
| 650 | 1 | 4 |
_aPensamiento critico _xAspectos sociales _zColombia. |
| 700 | 1 |
_aBarrera Lievano, Jhony Alexander, _ecoautor. |
|
| 700 | 1 |
_aArias Gómez, Jefferson, _ecoautor. |
|
| 700 | 1 |
_aEspaña González, Carmen Elena, _ecoautor. |
|
| 700 | 1 |
_aLurduy Ortegon, Luz Marina, _ecoautor. |
|
| 700 | 1 |
_aRodríguez Mendez, Diana Marcela, _ecoautor. |
|
| 700 | 1 |
_aHenao Mejia, Martha Cecillia, _ecoautor. |
|
| 700 | 1 |
_aLombana Mariño, María Martha, _ecoautor. |
|
| 700 | 1 |
_aRodríguez Acosta, Edna, _ecoautor. |
|
| 700 | 1 |
_aBeltrán Fletscher, Merceditas, _ecoautor. |
|
| 700 | 1 |
_aBeltrán Camargo, Rene Mauricio, _ecoautor. |
|
| 700 | 1 |
_aTellez Murcia, Ela Isabel, _ecoautor. |
|
| 700 | 1 |
_aSchuster Rodríguez, Hans Alberto, _ecoautor. |
|
| 700 | 1 |
_aSandoval Erazo, Myriam del Socorro, _ecoautor. |
|
| 700 | 1 |
_aRodríguez Matiz, Sandra Pilar, _ecoautor. |
|
| 700 | 1 |
_aRojas Peralta, Marcela, _ecoautor. |
|
| 700 | 1 |
_aReyes Escobar, Norma Constanza, _ecoautor. |
|
| 700 | 1 |
_aPinzon Torres, Cesar Augusto, _ecoautor. |
|
| 700 | 1 |
_aPeña Vanegas, Eduardo, _ecoautor. |
|
| 700 | 1 |
_aOrtega Bohorquez, Myriam, _ecoautor. |
|
| 700 | 1 |
_aMartínez Grisales, Karen Johanna, _ecoautor. |
|
| 700 | 1 |
_aMarin Peña, Luz Begoña, _ecoautor. |
|
| 700 | 1 |
_aJuliao Vargas, Clara Stella, _ecoautor. |
|
| 700 | 1 |
_aHernández Leon, Luz Andrea, _ecoautor. |
|
| 700 | 1 |
_aGonzález Velez, Cesar Augusto, _ecoautor. |
|
| 700 | 1 |
_aDuque Roman, Jair, _ecoautor. |
|
| 700 | 1 |
_aCarranza Torres, Daniel Enrique, _ecoautor. |
|
| 852 | _935000 | ||
| 942 |
_cBK _h361.307 _iH557 _2ddc |
||
| 999 |
_c40815 _d40815 |
||